La lengua nacional en los textos literarios
Guardat en:
| Autor principal: | |
|---|---|
| Format: | Llibre |
| Idioma: | espanyol |
| Publicat: |
Ciudad de México
Atlante
1942
|
| Edició: | 1a. ed |
| Col·lecció: | Cuadernos de Educación práctica
|
| Matèries: | |
| Etiquetes: |
Afegir etiqueta
Sense etiquetes, Sigues el primer a etiquetar aquest registre!
|
MARC
| LEADER | 00000cam a2200000 a 4500 | ||
|---|---|---|---|
| 001 | UCE4152 | ||
| 003 | CL-VaPUC | ||
| 008 | 141009e19420000mx |||||||||||||||||spa|d | ||
| 082 | 0 | 4 | |a 808.1 |b ELI |2 21 |
| 100 | 0 | |a Elias de Ballesteros, Emilia |e author |9 576746 | |
| 245 | 1 | 3 | |a La lengua nacional en los textos literarios |
| 250 | |a 1a. ed | ||
| 300 | |a 103 p | ||
| 942 | |c BK | ||
| 945 | |d 20141009 14:36:00 |a arojas | ||
| 260 | |a Ciudad de México |b Atlante |c 1942 | ||
| 650 | 0 | |a Textos literarios |9 477196 | |
| 650 | 0 | |a Antología poética |9 504960 | |
| 650 | 0 | |a Poesía |9 265825 | |
| 650 | 0 | |a Antología literaria |9 558137 | |
| 650 | 7 | |a CASTELLANO |2 CL-VaPUC |9 346426 | |
| 583 | |a last modification |c 20141009 14:36:00 |k Rodrigo Vera | ||
| 490 | 0 | |a Cuadernos de Educación práctica | |
| 999 | |c 357209 |d 357207 | ||
| 952 | |0 0 |1 0 |3 erb |4 0 |6 808_100000000000000_ELI_1942 |7 0 |8 P |9 465060 |a BIBEDU |b BIBEDU |c BIBEDU_PB |i 5041775 |o 808.1 ELI 1942 |p 5041775 |r 2024-01-25 |w 2019-11-23 |y BK |z Catalogado en:20141009 |k LIT | ||